00955cam a2200229 450000100040000000500170000400800390002101000170006002000280007702000310010504100130013610000320014924000220018124500980020326000380030130000290033950000200036852001670038865000260055599900130058195201310059425720181127161023.0090130s2009 nyua 001 0 eng a 2009004518 a1568584237 (alk. paper) a9781568584232 (alk. paper)1 aenghspa1 aGaleano, Eduardo H.,d1940-10aEspejos.lEnglish10aMirrors :bstories of almost everyone /cEduardo Galeano ; English translation by Mark Fried. aNew York :bNation Books,cc2009. a391 p. :bill. ;c22 cm. aIncludes index. aThe unofficial history of the world seen--and mirrored to us--through the eyes and voices of history's unseen, unheard, and forgotten, over 5000 years of history. 0aHistoryvMiscellanea. c230d230 00102ddc40708MAINaRTCLIBbRTCLIBcMAINh i3099l1o909 GALp30001880r2020-10-30 00:00:00s2020-09-25w2018-11-27yMAIN